Miasta goszczące finał Mistrzostw Świata w piłce nożnej - Statystyki

Ogólne statystyki
  • Ten quiz został rozwiązany 3 255 razy
    3 162 od ostatniego zresetowania
  • Średni wynik to 17 z 23
Statystyki odpowiedzi
Rok Gospodarz Miasto % Poprawnych
1938 Francja Paryż
98%
1934 Włochy Rzym
97%
1990 Włochy Rzym
97%
2018 Rosja Moskwa
96%
2006 Niemcy Berlin
95%
1966 Anglia Londyn
94%
1950 Brazylia Rio de Janeiro
94%
2014 Brazylia Rio de Janeiro
94%
1982 Hiszpania Madryt
93%
1970 Meksyk Meksyk
90%
1986 Meksyk Meksyk
90%
1978 Argentyna Buenos Aires
84%
2026 Stany Zjednoczone / Kanada / Mekysk East Rutherford / Nowy Jork
82%
1954 Szwajcaria Berno
81%
1930 Urugwaj Montevideo
79%
1974 RFN Monachium
76%
1962 Chile Santiago
73%
2010 RPA Johannesburg
64%
1998 Francja Saint-Denis
23%
2002 Japonia / Korea Południowa Jokohama
18%
1994 Stany Zjednoczone Pasadena
18%
1958 Szwecja Solna
13%
2022 Katar Lusajl
11%
Nie znaleziono quizów pasujących do podanych kryteriów
Rozkład punktacji
Procent ludzi z każdym wynikiem
Percentyl według liczby udzielonych odpowiedzi
Twoja historia wyników
Nie rozwiązałeś tego quizu od ostatniego zresetowania